| 000 -LEADER |
| fixed length control field |
02394cam a22002895i 4500 |
| 020 ## - INTERNATIONAL STANDARD BOOK NUMBER |
| ISBN |
9783319551777 |
| 040 ## - CATALOGING SOURCE |
| Transcribing agency |
DLC |
| 082 04 - DEWEY DECIMAL CLASSIFICATION NUMBER |
| Classification number |
570 ISI 2017 A006 Or. |
| 100 1# - MAIN ENTRY--AUTHOR NAME |
| Personal name |
Isik, Fikret, |
| 245 10 - TITLE STATEMENT |
| Title |
Genetic Data Analysis for Plant and Animal Breeding / |
| 250 ## - EDITION STATEMENT |
| Edition statement |
1st ed. 2017. |
| 300 ## - PHYSICAL DESCRIPTION |
| Number of Pages |
1 online resource (XVII, 400 pages 360 illustrations, 241 illustrations in color.) |
| 520 ## - SUMMARY, ETC. |
| Summary, etc |
This book fills the gap between textbooks of quantitative genetic theory, and software manuals that provide details on analytical methods but little context or perspective on which methods may be most appropriate for a particular application. Accordingly this book is composed of two sections. The first section (Chapters 1 to 8) covers topics of classical phenotypic data analysis for prediction of breeding values in animal and plant breeding programs. In the second section (Chapters 9 to 13) we provide the concept and overall review of available tools for using DNA markers for predictions of genetic merits in breeding populations. With advances in DNA sequencing technologies, genomic data, especially single nucleotide polymorphism (SNP) markers, have become available for animal and plant breeding programs in recent years. Analysis of DNA markers for prediction of genetic merit is a relatively new and active research area. The algorithms and software to implement these algorithms are changing rapidly. This section represents state-of-the-art knowledge on the tools and technologies available for genetic analysis of plants and animals. However, readers should be aware that the methods or statistical packages covered here may not be available or they might be out of date in a few years. Ultimately the book is intended for professional breeders interested in utilizing these tools and approaches in their breeding programs. Lastly, we anticipate the usage of this volume for advanced level graduate courses in agricultural and breeding courses. |
| 650 #0 - SUBJECT ADDED ENTRY--TOPICAL TERM |
| Topical Term |
Agriculture. |
| 650 #0 - SUBJECT ADDED ENTRY--TOPICAL TERM |
| Topical Term |
Animal genetics. |
| 650 #0 - SUBJECT ADDED ENTRY--TOPICAL TERM |
| Topical Term |
Biostatistics. |
| 650 #0 - SUBJECT ADDED ENTRY--TOPICAL TERM |
| Topical Term |
Plant breeding. |
| 650 #0 - SUBJECT ADDED ENTRY--TOPICAL TERM |
| Topical Term |
Plant genetics. |
| 650 14 - SUBJECT ADDED ENTRY--TOPICAL TERM |
| Topical Term |
Biostatistics. |
| 650 24 - SUBJECT ADDED ENTRY--TOPICAL TERM |
| Topical Term |
Agriculture. |
| 650 24 - SUBJECT ADDED ENTRY--TOPICAL TERM |
| Topical Term |
Animal Genetics and Genomics. |
| 650 24 - SUBJECT ADDED ENTRY--TOPICAL TERM |
| Topical Term |
Plant Breeding/Biotechnology. |
| 650 24 - SUBJECT ADDED ENTRY--TOPICAL TERM |
| Topical Term |
Plant Genetics and Genomics. |
| 700 1# - ADDED ENTRY--PERSONAL NAME |
| Personal name |
Holland, James, |
| 700 1# - ADDED ENTRY--PERSONAL NAME |
| Personal name |
Maltecca, Christian, |
| 942 ## - ADDED ENTRY ELEMENTS (KOHA) |
| Koha item type |
ADB |
| 952 ## - LOCATION AND ITEM INFORMATION (KOHA) |
| Withdrawn status [LOCAL, KOHA] |
0 |